[Event "IECG CN.1999.0.00151"]
[Site "IECG email"]
[Date "1999.09.29"]
[Round "?"]
[White "Razakarivony, Alain"]
[Black "Manini, Nicola"]
[Result "0-1"]
[WhiteElo "800"]
[BlackElo "800"]
[PlyCount "42"]
[EventDate "1999.09.29"]
[EventType "tourn (corr)"]
[EventRounds "6"]
[SourceTitle "Corr 2008"]
[Source "ChessBase"]
[SourceDate "2008.06.24"]
[SourceVersion "1"]
[SourceVersionDate "2008.06.24"]
[SourceQuality "1"]

1. e4 c5 2. Nf3 Nc6 3. Bb5 e6 4. Bxc6 bxc6 5. Ne5 Bd6 6. Nf3 Qc7 7. 0-0 Nf6 8. Nc3 Ng4 9. g3 0-0 10. d4 cxd4 11. Qxd4 Ba6 12. Rd1 Be5 13. Qxd7 Qb6 14. Be3 Qxb2 15. Nxe5 Nxe5 16. Qc7 Qxc3 17. Rab1 Nf3+ 18. Kg2 Be2 19. Rd6 Qxc2 20. Rb7 Rac8 21. Qe7 Qxe4 0-1